Ngư cụ thủ công và nghề cá ở Kiên Giang : Nghiên cứu

Sơ lược về lịch sử hình thành Kiên Giang và nghề đánh bắt chủ yếu ở đây. Giới thiệu những kinh nghiệm đánh bắt và nuôi trồng thuỷ sản ở Kiên Giang, một số nghề chế biến thuỷ sản truyền thống...

Celý popis

Uloženo v:
Podrobná bibliografie
Hlavní autor: Đoàn, Thanh Nô
Médium: Kniha
Jazyk:Undetermined
Vydáno: Hà Nội Hội nhà văn 2020
Témata:
Tagy: Přidat tag
Žádné tagy, Buďte první, kdo otaguje tento záznam!
Thư viện lưu trữ: Trung tâm Học liệu Trường Đại học Cần Thơ
LEADER 00895nam a2200205Ia 4500
001 CTU_240057
008 210402s9999 xx 000 0 und d
082 |a 639.2 
082 |b N450 
100 |a Đoàn, Thanh Nô 
245 0 |a Ngư cụ thủ công và nghề cá ở Kiên Giang : 
245 0 |b Nghiên cứu 
245 0 |c Đoàn Thanh Nô 
260 |a Hà Nội 
260 |b Hội nhà văn 
260 |c 2020 
520 |a Sơ lược về lịch sử hình thành Kiên Giang và nghề đánh bắt chủ yếu ở đây. Giới thiệu những kinh nghiệm đánh bắt và nuôi trồng thuỷ sản ở Kiên Giang, một số nghề chế biến thuỷ sản truyền thống 
650 |a Đánh bắt cá,Fishing 
910 |b nthai 
980 |a Trung tâm Học liệu Trường Đại học Cần Thơ